000 00736nam a22002537i 4500
003 DO-SdBNP
005 20250421105803.0
007 ta
008 250421b2024 |||||||| |||| 00| 0 eng d
020 _a9789945223903
040 _aDO-SdBNP
_bspa
_cBNPHU
_erda
041 _hspa
082 _axxx
_bC352s
_222
100 1 _aCastillo Javier, Gerardo
_d1963-
_eautor
_975580
245 1 0 _aSendero entre las piedras /
_cGerardo Castillo Javier
264 _aSanto Domingo :
_bDragón Editorial,
_c2024.
300 _aPáginas variadas ;
_c24 cm
336 _ardacontent
_btexto
_2txt
337 _ardamedia
_bsin mediación
_2n
338 _ardacarrier
_bvolumen
_2nc
590 _aInventariado, 2025 /DG
910 _aDG
942 _2ddc
_cLBS1
999 _c58730
_d58730